[Event "Twente Young Master op-C"]
[Site "Twente"]
[Date "2007.08.10"]
[Round "7"]
[White "Van der Geest, Friso"]
[Black "Slotboom, Annemarie"]
[Result "1-0"]
[WhiteElo "1263"]
[BlackElo "1215"]
[PlyCount "74"]
[EventDate "2007.08.06"]
[EventType "swiss"]
[EventRounds "9"]
[EventCountry "NED"]
[SourceTitle "EXT 2008"]
[Source "ChessBase"]
[SourceDate "2007.11.25"]
[SourceVersion "1"]
[SourceVersionDate "2007.11.25"]
[SourceQuality "1"]

1. e4 e5 2. Nf3 Nc6 3. Bc4 h6 4. d4 f6 5. Nc3 Bb4 6. Bd2 d6 7. Bb5 Bd7 8. d5 Nce7 9. Bxd7+ Qxd7 10. 0-0 0-0-0 11. Be3 Bxc3 12. bxc3 Kb8 13. Rb1 c6 14. c4 cxd5 15. cxd5 Rc8 16. Qd3 f5 17. Rb3 f4 18. Bd2 g5 19. Rfb1 Rc7 20. Qb5 Qxb5 21. Rxb5 b6 22. g3 Nf6 23. Bb4 Nxe4 24. Re1 Nc5 25. Bxc5 dxc5 26. Rxe5 Nc8 27. Re6 Rd8 28. Rxh6 Rxd5 29. Rh5 Rd1+ 30. Kg2 g4 31. Ne5 f3+ 32. Nxf3 gxf3+ 33. Kxf3 Rd2 34. g4 Rxc2 35. g5 Ne7 36. Rh8+ Kb7 37. Rh7 Kb8 1-0